[Event "CRO-chT2 Center"]
[Site "Zagreb"]
[Date "2012.10.28"]
[Round "11.11"]
[White "Kliska, Predrag"]
[Black "Kostrun, Slaven"]
[Result "1/2-1/2"]
[WhiteElo "2136"]
[BlackElo "2322"]
[PlyCount "54"]
[EventDate "2012.03.18"]
[EventType "team-swiss"]
[EventRounds "11"]
[EventCountry "CRO"]
[SourceTitle "EXT 2019"]
[Source "ChessBase"]
[SourceDate "2018.10.10"]
[SourceVersion "1"]
[SourceVersionDate "2018.10.10"]
[SourceQuality "1"]

1. e4 g6 2. d4 Bg7 3. c3 d5 4. Nd2 e5 5. dxe5 dxe4 6. Qa4+ Nc6 7. Qxe4 Bf5 8. Qe2 Qd5 9. f4 0-0-0 10. Qb5 Qd7 11. Be2 a6 12. Qc5 Bf8 13. Qf2 f6 14. Ngf3 Nh6 15. h3 fxe5 16. Nxe5 Nxe5 17. fxe5 Qd5 18. Nf3 Nf7 19. Be3 Bg7 20. Nd4 Be4 21. Bg4+ Kb8 22. Be6 Qxe5 23. Bf4 Qf6 24. 0-0 Qe7 25. Bxf7 Bxd4 26. cxd4 Qxf7 27. Be5 Qxf2+ 1/2-1/2

[Event "CRO-chT2 Center"]
[Site "Zagreb"]
[Date "2012.03.18"]
[Round "1.11"]
[White "Grdinic, Zvonimir"]
[Black "Kostrun, Slaven"]
[Result "0-1"]
[WhiteElo "2246"]
[BlackElo "2332"]
[PlyCount "44"]
[EventDate "2012.03.18"]
[EventType "team-swiss"]
[EventRounds "11"]
[EventCountry "CRO"]
[SourceTitle "EXT 2014"]
[Source "ChessBase"]
[SourceDate "2013.11.20"]
[SourceVersion "1"]
[SourceVersionDate "2013.11.20"]
[SourceQuality "1"]

1. Nf3 d6 2. d4 f5 3. g3 Nf6 4. Bg2 g6 5. c4 Bg7 6. Nc3 0-0 7. 0-0 Qe8 8. d5 a5 9. Be3 Na6 10. Rc1 Ng4 11. Qd2 Nxe3 12. Qxe3 Bd7 13. Nd4 Nc5 14. Nb3 Nxb3 15. axb3 f4 16. Qd3 Qb8 17. Rc2 c5 18. gxf4 Rxf4 19. Qe3 Be5 20. Qd2 Qf8 21. e3 Qh6 22. Ne2 Rd4 0-1

[Event "CRO-chT2 Center"]
[Site "Zagreb"]
[Date "2012.03.18"]
[Round "2.11"]
[White "Kostrun, Slaven"]
[Black "Mihalincic, Tomislav"]
[Result "0-1"]
[WhiteElo "2332"]
[BlackElo "2249"]
[PlyCount "84"]
[EventDate "2012.03.18"]
[EventType "team-swiss"]
[EventRounds "11"]
[EventCountry "CRO"]
[SourceTitle "EXT 2014"]
[Source "ChessBase"]
[SourceDate "2013.11.20"]
[SourceVersion "1"]
[SourceVersionDate "2013.11.20"]
[SourceQuality "1"]

1. b3 e5 2. Bb2 Nc6 3. e3 d5 4. Bb5 Bd6 5. f4 Qh4+ 6. g3 Qe7 7. Nf3 Bg4 8. fxe5 Bxe5 9. Bxe5 Bxf3 10. Qxf3 Qxe5 11. Nc3 Nf6 12. 0-0 0-0 13. Bxc6 bxc6 14. Qf4 Rfe8 15. Qa4 Qd6 16. Rf4 a6 17. Raf1 Re7 18. Qa5 Nd7 19. Na4 Ne5 20. Nc5 Qg6 21. Qc3 Ng4 22. Qb4 h5 23. Nxa6 Rae8 24. Qd4 Qxc2 25. Nb4 Qg6 26. Qd3 Re4 27. Rxe4 Rxe4 28. Rf4 Ne5 29. Qf1 h4 30. Kg2 hxg3 31. hxg3 Ng4 32. Nd3 Nf6 33. Rf3 d4 34. Nf4 Qg5 35. Qd3 Qe5 36. exd4 Rxd4 37. Qe3 Re4 38. Qc3 Qd6 39. d3 Re8 40. Qa5 Ng4 41. Qg5 Ne3+ 42. Kh2 Re5 0-1

[Event "CRO-chT2 Center"]
[Site "Croatia"]
[Date "2011.10.02"]
[Round "8.21"]
[White "Kostrun, Slaven"]
[Black "Kiss, Attila"]
[Result "1/2-1/2"]
[WhiteElo "2329"]
[BlackElo "2358"]
[PlyCount "42"]
[EventDate "2011.03.20"]
[EventType "team-tourn"]
[EventRounds "11"]
[EventCountry "CRO"]
[SourceTitle "EXT 2014"]
[Source "ChessBase"]
[SourceDate "2013.11.20"]
[SourceVersion "1"]
[SourceVersionDate "2013.11.20"]
[SourceQuality "1"]

1. Nf3 Nf6 2. g3 d5 3. Bg2 e6 4. 0-0 Be7 5. d3 c5 6. Nbd2 Nc6 7. e4 0-0 8. e5 Nd7 9. Re1 b5 10. Nf1 a5 11. h4 b4 12. N1h2 Ba6 13. Bf4 a4 14. a3 Bb5 15. Ng5 Qe8 16. h5 Rc8 17. Ng4 Qd8 18. Nh3 Nd4 19. Ne3 Nc6 20. Ng4 Nd4 21. Ne3 Nc6 1/2-1/2

[Event "Krapina op"]
[Site "Krapina"]
[Date "2011.07.13"]
[Round "7"]
[White "Djodj, Goran"]
[Black "Kostrun, Slaven"]
[Result "0-1"]
[WhiteElo "1873"]
[BlackElo "2333"]
[PlyCount "106"]
[EventDate "2011.06.29"]
[EventType "swiss"]
[EventRounds "9"]
[EventCountry "CRO"]
[SourceTitle "EXT 2012"]
[Source "ChessBase"]
[SourceDate "2011.11.24"]
[SourceVersion "1"]
[SourceVersionDate "2011.11.24"]
[SourceQuality "1"]

1. d4 c5 2. d5 e5 3. c4 d6 4. Nc3 Be7 5. Nf3 Nf6 6. e4 Nbd7 7. h3 Nf8 8. Bd3 Ng6 9. Ne2 Nh5 10. Bd2 0-0 11. 0-0 f5 12. Ng3 Nxg3 13. fxg3 f4 14. g4 Bd7 15. a4 Nh4 16. Be1 Nxf3+ 17. Rxf3 Bh4 18. Bxh4 Qxh4 19. Qc2 h5 20. gxh5 Qxh5 21. Be2 Qh4 22. Rfa3 Rf6 23. Bf3 Raf8 24. Qf2 Qh7 25. Kf1 Rg6 26. Ke2 Rg3 27. Rg1 Be8 28. Kd2 Bh5 29. Bxh5 Rxa3 30. bxa3 Qxh5 31. Qf3 Qe8 32. Qb3 Qg6 33. Qf3 Rf6 34. Rb1 Qf7 35. Rb3 Rg6 36. Qf2 Qd7 37. a5 Qa4 38. Rxb7 Qxa5+ 39. Kd1 Rg3 40. Qe2 Qa4+ 41. Kd2 g6 42. Kc1 Qxa3+ 43. Qb2 Rc3+ 44. Kb1 Qxb2+ 45. Kxb2 Rxc4 46. Rd7 Rxe4 47. Rxd6 Re2+ 48. Kc3 Rxg2 49. Rd8+ Kf7 50. Rd7+ Kf6 51. Rxa7 e4 52. d6 e3 53. d7 Rd2 0-1

[Event "Krapina op"]
[Site "Krapina"]
[Date "2011.07.08"]
[Round "5"]
[White "Kostrun, Slaven"]
[Black "Svrtan, Zlatko"]
[Result "1-0"]
[WhiteElo "2333"]
[BlackElo "2046"]
[PlyCount "53"]
[EventDate "2011.06.29"]
[EventType "swiss"]
[EventRounds "9"]
[EventCountry "CRO"]
[SourceTitle "EXT 2012"]
[Source "ChessBase"]
[SourceDate "2011.11.24"]
[SourceVersion "1"]
[SourceVersionDate "2011.11.24"]
[SourceQuality "1"]

1. Nf3 d5 2. g3 g6 3. Bg2 Bg7 4. 0-0 e5 5. c4 c6 6. cxd5 cxd5 7. Nc3 e4 8. Ne1 Ne7 9. d3 f5 10. dxe4 dxe4 11. Qxd8+ Kxd8 12. Bg5 h6 13. Rd1+ Bd7 14. Bf4 Bxc3 15. bxc3 Nbc6 16. f3 exf3 17. Rxf3 Ke8 18. Re3 Rh7 19. Nd3 Rd8 20. Bc7 Rc8 21. Bd6 b6 22. Nf4 Kd8 23. Red3 Ke8 24. Bxe7 Rxe7 25. Nxg6 Rg7 26. Nf4 Na5 27. Nh5 1-0

[Event "Krapina op"]
[Site "Krapina"]
[Date "2011.07.01"]
[Round "2"]
[White "Mesar, Darko"]
[Black "Kostrun, Slaven"]
[Result "0-1"]
[WhiteElo "1973"]
[BlackElo "2333"]
[PlyCount "36"]
[EventDate "2011.06.29"]
[EventType "swiss"]
[EventRounds "9"]
[EventCountry "CRO"]
[SourceTitle "EXT 2012"]
[Source "ChessBase"]
[SourceDate "2011.11.24"]
[SourceVersion "1"]
[SourceVersionDate "2011.11.24"]
[SourceQuality "1"]

1. e4 g6 2. d4 Bg7 3. f4 d5 4. e5 Nh6 5. Nf3 Bg4 6. Nbd2 c5 7. c3 cxd4 8. Qa4+ Nc6 9. Nxd4 0-0 10. Nxc6 bxc6 11. Qxc6 Nf5 12. Nb3 Rc8 13. Qb5 e6 14. Qd3 Rc4 15. Nd4 Nxd4 16. b3 Bf5 17. Qd2 Nc2+ 18. Kd1 Re4 0-1

[Event "CRO-chT2 Center"]
[Site "Zagreb"]
[Date "2010.10.17"]
[Round "9.61"]
[White "Kostrun, Slaven"]
[Black "Djurovic, Goran"]
[Result "1/2-1/2"]
[WhiteElo "2337"]
[BlackElo "2276"]
[PlyCount "47"]
[EventDate "2010.03.21"]
[EventType "team-tourn"]
[EventRounds "11"]
[EventCountry "CRO"]
[SourceTitle "EXT 2012"]
[Source "ChessBase"]
[SourceDate "2011.11.24"]
[SourceVersion "1"]
[SourceVersionDate "2011.11.24"]
[SourceQuality "1"]

1. b3 d5 2. e3 Nf6 3. Bb2 Bf5 4. Bd3 Bxd3 5. cxd3 c5 6. Nf3 Nc6 7. d4 e6 8. 0-0 cxd4 9. Nxd4 Nxd4 10. Bxd4 Bd6 11. f4 0-0 12. Nc3 a6 13. Rf3 Qe7 14. Qf1 Ne4 15. Qd3 f5 16. Kh1 Rad8 17. Raf1 g6 18. Rh3 Bc7 19. Ne2 e5 20. fxe5 Bxe5 21. Kg1 Ng5 22. Rh4 Nf7 23. g3 Rfe8 24. Bxe5 1/2-1/2

[Event "CRO-chT2 Center"]
[Site "Zagreb"]
[Date "2010.03.28"]
[Round "3.41"]
[White "Slogar, Dubravko"]
[Black "Kostrun, Slaven"]
[Result "1-0"]
[WhiteElo "2324"]
[BlackElo "2337"]
[PlyCount "105"]
[EventDate "2010.03.21"]
[EventType "team-tourn"]
[EventRounds "11"]
[EventCountry "CRO"]
[SourceTitle "EXT 2012"]
[Source "ChessBase"]
[SourceDate "2011.11.24"]
[SourceVersion "1"]
[SourceVersionDate "2011.11.24"]
[SourceQuality "1"]

1. d4 f5 2. Bg5 g6 3. h4 Nh6 4. Qd2 Nf7 5. Bf4 d6 6. Nf3 Bg7 7. Nc3 Nc6 8. e3 e5 9. Bg3 exd4 10. exd4 0-0 11. 0-0-0 a6 12. Bf4 b5 13. h5 Na5 14. Ng5 b4 15. Nd5 c6 16. Nxb4 Rb8 17. c3 Bf6 18. Nxh7 Kxh7 19. hxg6+ Kxg6 20. g4 Rh8 21. gxf5+ Kg7 22. Rg1+ Kf8 23. Bd3 Rb5 24. Bxb5 axb5 25. Qd3 Qd7 26. Rg6 Be7 27. Re6 Qd8 28. Rde1 Bxe6 29. fxe6 Bg5 30. Bxg5 Qxg5+ 31. f4 Qh4 32. Qe4 Nh6 33. e7+ Ke8 34. Nxc6 d5 35. Qe5 Qxe1+ 36. Qxe1 Nxc6 37. Qe2 Nf5 38. Qxb5 Nfxe7 39. a4 Kd7 40. a5 Rh1+ 41. Kc2 Kc7 42. Qb6+ Kd7 43. Qb7+ Kd6 44. a6 Ra1 45. b4 Nf5 46. b5 Na5 47. Qb8+ Kd7 48. Qe5 Ne7 49. f5 Nc4 50. Qe6+ Kd8 51. f6 Ra2+ 52. Kb1 Rb2+ 53. Kc1 1-0

[Event "CRO-chT2 Center"]
[Site "Zagreb"]
[Date "2010.03.21"]
[Round "2.41"]
[White "Kostrun, Slaven"]
[Black "Matko, Ognjen"]
[Result "1/2-1/2"]
[WhiteElo "2337"]
[BlackElo "2241"]
[PlyCount "32"]
[EventDate "2010.03.21"]
[EventType "team-tourn"]
[EventRounds "11"]
[EventCountry "CRO"]
[SourceTitle "EXT 2012"]
[Source "ChessBase"]
[SourceDate "2011.11.24"]
[SourceVersion "1"]
[SourceVersionDate "2011.11.24"]
[SourceQuality "1"]

1. b3 d5 2. e3 Nf6 3. Bb2 Bf5 4. c4 c6 5. Nf3 e6 6. Be2 h6 7. 0-0 Be7 8. cxd5 exd5 9. Ne5 Nbd7 10. Bd3 Bxd3 11. Nxd3 0-0 12. Nc3 Re8 13. Ne2 Bd6 14. Ng3 Ne5 15. Nf4 Qd7 16. Nfh5 Nxh5 1/2-1/2

[Event "Zagreb op-A"]
[Site "Zagreb"]
[Date "2009.03.26"]
[Round "6"]
[White "Kristovic, Marijan"]
[Black "Kostrun, Slaven"]
[Result "1/2-1/2"]
[WhiteElo "2330"]
[BlackElo "2306"]
[PlyCount "77"]
[EventDate "2009.03.21"]
[EventType "swiss"]
[EventRounds "9"]
[EventCountry "CRO"]
[SourceTitle "CBM 129 Extra"]
[Source "ChessBase"]
[SourceDate "2009.05.05"]
[SourceVersion "2"]
[SourceVersionDate "2009.05.20"]
[SourceQuality "1"]

1. e4 d5 2. Nc3 dxe4 3. Nxe4 Qd5 4. Nc3 Qa5 5. d4 Nf6 6. Nf3 Bf5 7. Bd3 e6 8. 0-0 Bxd3 9. Qxd3 c6 10. Bf4 Be7 11. a3 Qd8 12. Rfe1 Nbd7 13. h3 0-0 14. Rad1 b5 15. Ne5 Nxe5 16. Bxe5 a5 17. Bxf6 Bxf6 18. Ne4 Be7 19. Re3 Qb6 20. c3 Rad8 21. Qe2 Rd5 22. b4 Rfd8 23. Rdd3 Qc7 24. g3 Bf8 25. h4 Rf5 26. Rf3 Rxf3 27. Rxf3 Be7 28. Re3 Rd5 29. f4 Qd8 30. Kg2 Rd7 31. h5 h6 32. g4 Ra7 33. Rg3 axb4 34. axb4 Qd5 35. Kh3 Ra2 36. Qf3 f5 37. Nf2 fxg4+ 38. Qxg4 Bf6 39. Qg6 1/2-1/2

[Event "Zagreb op-A"]
[Site "Zagreb"]
[Date "2009.03.25"]
[Round "5"]
[White "Kostrun, Slaven"]
[Black "Saric, Ante"]
[Result "0-1"]
[WhiteElo "2306"]
[BlackElo "2514"]
[PlyCount "80"]
[EventDate "2009.03.21"]
[EventType "swiss"]
[EventRounds "9"]
[EventCountry "CRO"]
[SourceTitle "CBM 129 Extra"]
[Source "ChessBase"]
[SourceDate "2009.05.05"]
[SourceVersion "2"]
[SourceVersionDate "2009.05.20"]
[SourceQuality "1"]

1. Nf3 g6 2. g3 Bg7 3. Bg2 Nf6 4. 0-0 0-0 5. c3 d5 6. d3 c5 7. Qa4 Nc6 8. Qh4 Ne8 9. Bh6 f6 10. Bxg7 Nxg7 11. Qa4 e5 12. c4 d4 13. Nbd2 Bd7 14. Ne1 f5 15. Qd1 Qe7 16. Nc2 Ne6 17. Rb1 a5 18. b3 h5 19. a3 h4 20. b4 hxg3 21. fxg3 axb4 22. axb4 cxb4 23. Bxc6 bxc6 24. Nxb4 g5 25. Nf3 Qg7 26. Nc2 g4 27. Nh4 Ng5 28. Rb7 Nh3+ 29. Kg2 c5 30. Rb6 Rf6 31. Qb1 Raf8 32. Rxf6 Qxf6 33. e4 Qc6 34. Re1 fxe4 35. Rxe4 Nf2 36. Ne1 Nxe4 37. dxe4 Qf6 38. Nd3 Bc6 39. Nxc5 Qf2+ 40. Kh1 Qe2 0-1

[Event "Zagreb op-A"]
[Site "Zagreb"]
[Date "2009.03.23"]
[Round "3"]
[White "Kostrun, Slaven"]
[Black "Franic, Milan"]
[Result "1-0"]
[WhiteElo "2306"]
[BlackElo "2406"]
[PlyCount "111"]
[EventDate "2009.03.21"]
[EventType "swiss"]
[EventRounds "9"]
[EventCountry "CRO"]
[SourceTitle "CBM 129 Extra"]
[Source "ChessBase"]
[SourceDate "2009.05.05"]
[SourceVersion "2"]
[SourceVersionDate "2009.05.20"]
[SourceQuality "1"]

1. Nf3 d5 2. g3 c5 3. Bg2 Nc6 4. d4 e6 5. 0-0 Nf6 6. b3 Be7 7. Bb2 0-0 8. Nbd2 b6 9. c4 Bb7 10. Rc1 Rc8 11. dxc5 bxc5 12. cxd5 exd5 13. Bxf6 gxf6 14. Nh4 Qd7 15. e3 Ba6 16. Qh5 Ne5 17. Rfd1 Rcd8 18. Nf5 Kh8 19. Nc4 Bb7 20. Nxe5 fxe5 21. Bxd5 Bxd5 22. e4 Bxe4 23. Rxd7 Rxd7 24. Nxe7 Rxe7 25. Qh6 Rfe8 26. Qf6+ Kg8 27. Rc4 Re6 28. Qg5+ Rg6 29. Qd2 Bf3 30. Rxc5 h6 31. Qc3 e4 32. Rc8 Rge6 33. h3 h5 34. g4 hxg4 35. hxg4 a6 36. Rxe8+ Rxe8 37. g5 Re6 38. Kh2 Rg6 39. Qe5 Re6 40. Qb8+ Kg7 41. Kg3 Be2 42. Qd8 Bb5 43. a4 Bc6 44. Kf4 Be8 45. Qd4+ Kh7 46. Qa1 Bc6 47. Qc3 Be8 48. Qc2 Kg8 49. b4 Bc6 50. Qb3 Be8 51. b5 axb5 52. axb5 Rb6 53. g6 Rxg6 54. b6 Rf6+ 55. Ke5 Re6+ 56. Qxe6 1-0

[Event "Zagreb op-A"]
[Site "Zagreb"]
[Date "2009.03.22"]
[Round "2"]
[White "Bukal, Vladimir Jr"]
[Black "Kostrun, Slaven"]
[Result "1/2-1/2"]
[WhiteElo "2380"]
[BlackElo "2306"]
[PlyCount "26"]
[EventDate "2009.03.21"]
[EventType "swiss"]
[EventRounds "9"]
[EventCountry "CRO"]
[SourceTitle "CBM 129 Extra"]
[Source "ChessBase"]
[SourceDate "2009.05.05"]
[SourceVersion "2"]
[SourceVersionDate "2009.05.20"]
[SourceQuality "1"]

1. d4 d6 2. Nf3 g6 3. c4 f5 4. Nc3 Nf6 5. g3 Bg7 6. Bg2 0-0 7. 0-0 Qe8 8. b3 e5 9. dxe5 Nfd7 10. Nd5 Na6 11. Bb2 Nxe5 12. Qd2 h6 13. Rad1 Qf7 1/2-1/2

[Event "CRO-chT2b"]
[Site "Croatia"]
[Date "2009.03.15"]
[Round "6"]
[White "Tesic, Dragan"]
[Black "Kostrun, Slaven"]
[Result "1-0"]
[WhiteElo "2383"]
[BlackElo "2306"]
[PlyCount "105"]
[EventDate "2009.03.01"]
[EventType "team-tourn"]
[EventRounds "11"]
[EventCountry "CRO"]
[SourceTitle "EXT 2010"]
[Source "ChessBase"]
[SourceDate "2010.11.25"]
[SourceVersion "1"]
[SourceVersionDate "2010.11.25"]
[SourceQuality "1"]

1. d4 d5 2. c4 Nc6 3. cxd5 Qxd5 4. e3 e5 5. Nc3 Bb4 6. Bd2 Bxc3 7. Bxc3 exd4 8. Ne2 Bg4 9. f3 0-0-0 10. Nxd4 Be6 11. Qa4 Nge7 12. Nxc6 Nxc6 13. Bb5 Qg5 14. Kf2 Ne7 15. Rhe1 Kb8 16. Rac1 Nc8 17. Bf1 f6 18. Qc2 Rd7 19. Red1 Rhd8 20. Rxd7 Rxd7 21. a3 h6 22. Bd4 Qa5 23. Qc3 Qd5 24. b4 Nd6 25. Rd1 Nb5 26. Bxb5 Qxb5 27. a4 Qh5 28. Kg1 b6 29. Rc1 Qd5 30. a5 Qb5 31. h3 Bd5 32. e4 Be6 33. Bf2 Qg5 34. Kh2 Qd2 35. Qxd2 Rxd2 36. Bg3 Rd7 37. axb6 axb6 38. Rc6 Bb3 39. Rxb6+ Ka7 40. Rc6 Kb7 41. Rc3 Ba4 42. h4 c6 43. h5 Rd4 44. Bf4 Rxb4 45. Bd6 Rd4 46. Bc5 Rd8 47. Ra3 Ra8 48. Kg3 Kc7 49. Kf4 Kd7 50. Kf5 Ra5 51. Rc3 Bb5 52. Kg6 Bf1 53. g4 1-0

[Event "CRO-chT2b"]
[Site "Croatia"]
[Date "2009.03.08"]
[Round "4"]
[White "Damjanovic, Mato"]
[Black "Kostrun, Slaven"]
[Result "0-1"]
[WhiteElo "2313"]
[BlackElo "2306"]
[PlyCount "136"]
[EventDate "2009.03.01"]
[EventType "team-tourn"]
[EventRounds "11"]
[EventCountry "CRO"]
[SourceTitle "EXT 2010"]
[Source "ChessBase"]
[SourceDate "2010.11.25"]
[SourceVersion "1"]
[SourceVersionDate "2010.11.25"]
[SourceQuality "1"]

1. e4 g6 2. d4 Bg7 3. c4 c5 4. d5 b5 5. cxb5 d6 6. Nc3 a6 7. bxa6 Nf6 8. Bb5+ Bd7 9. Qe2 Bxb5 10. Qxb5+ Nfd7 11. Nf3 0-0 12. 0-0 Nxa6 13. Bg5 Nc7 14. Qe2 Re8 15. Rfe1 Qb8 16. Rac1 Ne5 17. Nxe5 Bxe5 18. Qd2 Nb5 19. Nxb5 Qxb5 20. b3 Ra3 21. Rc2 Rea8 22. Be3 Qa6 23. Re2 Rc8 24. Qc1 Ra8 25. g3 Qb7 26. Qd1 Qa6 27. Bc1 Ra5 28. a4 Qb7 29. Rc4 R5a6 30. f4 Bd4+ 31. Be3 Bg7 32. e5 Rb6 33. Rb2 Rb4 34. Rxb4 Qxb4 35. Qd2 Qe4 36. Rc2 Rb8 37. Rc3 dxe5 38. f5 Qxf5 39. Bxc5 e4 40. Rc1 Rxb3 41. d6 exd6 42. Qxd6 h5 43. Rf1 Rf3 44. Rxf3 Qxf3 45. Qd2 Bc3 46. Qe3 Qd1+ 47. Kg2 Qc2+ 48. Kh3 Bd2 49. Qf2 Qd3 50. Bd4 e3 51. Qf6 Qf5+ 52. Qxf5 gxf5 53. Kh4 e2 54. Bf2 Kg7 55. Kxh5 Kf6 56. Kh4 Kg6 57. Kh3 e1Q 58. Bxe1 Bxe1 59. Kg2 Ba5 60. Kf3 Bc7 61. h3 Kg5 62. Kf2 f4 63. g4 f5 64. gxf5 Kxf5 65. Kf3 Bd8 66. Kf2 Ke4 67. Ke2 f3+ 68. Kf2 Kf4 0-1

[Event "CRO-chT2b"]
[Site "Croatia"]
[Date "2009.03.08"]
[Round "3"]
[White "Kostrun, Slaven"]
[Black "Makaj, Marko"]
[Result "1/2-1/2"]
[WhiteElo "2306"]
[BlackElo "2346"]
[PlyCount "77"]
[EventDate "2009.03.01"]
[EventType "team-tourn"]
[EventRounds "11"]
[EventCountry "CRO"]
[SourceTitle "EXT 2010"]
[Source "ChessBase"]
[SourceDate "2010.11.25"]
[SourceVersion "1"]
[SourceVersionDate "2010.11.25"]
[SourceQuality "1"]

1. b4 Nf6 2. Bb2 d6 3. e3 c6 4. c4 e5 5. d4 Nbd7 6. dxe5 dxe5 7. a3 a5 8. b5 Qc7 9. Nc3 Nc5 10. Na4 Bg4 11. Nf3 Nxa4 12. Qxa4 Nd7 13. h3 Bf5 14. Qd1 Rd8 15. Nh4 Nc5 16. Qf3 Bd3 17. Rd1 Be7 18. Nf5 Bf6 19. Bxd3 Nxd3+ 20. Rxd3 Rxd3 21. Qe4 Rb3 22. Qc2 a4 23. bxc6 Qxc6 24. 0-0 Qe6 25. e4 0-0 26. Ne3 Be7 27. Nf5 Rc8 28. Rd1 Bf8 29. Rd5 f6 30. Qe2 g6 31. Ne3 Bxa3 32. Bxa3 Rxa3 33. Qd2 Ra1+ 34. Kh2 a3 35. Rd6 Qe7 36. Rd7 Qe6 37. Rd6 Qe7 38. Rd7 Qe6 39. Rd6 1/2-1/2

[Event "Zagreb op-A"]
[Site "Zagreb"]
[Date "2008.05.16"]
[Round "5"]
[White "Martinovic, Sasa"]
[Black "Kostrun, Slaven"]
[Result "1/2-1/2"]
[WhiteElo "2403"]
[BlackElo "2267"]
[PlyCount "62"]
[EventDate "2008.05.12"]
[EventType "swiss"]
[EventRounds "9"]
[EventCountry "CRO"]
[SourceTitle "CBM 124 Extra"]
[Source "ChessBase"]
[SourceDate "2008.07.03"]
[SourceVersion "1"]
[SourceVersionDate "2008.07.03"]
[SourceQuality "1"]

1. d4 d5 2. Nf3 c6 3. c4 dxc4 4. e3 Be6 5. Nc3 b5 6. a4 b4 7. Ne4 Nf6 8. Nc5 Bd5 9. Bd2 a5 10. Rc1 e6 11. Bxc4 Bxc5 12. dxc5 Nbd7 13. Bxd5 exd5 14. Nd4 Qc7 15. f3 0-0 16. 0-0 Rfe8 17. Qc2 Re5 18. b3 Rc8 19. Rf2 Qa7 20. Re2 Nb8 21. Be1 Nbd7 22. Bg3 Ree8 23. Bd6 Ne5 24. Rf1 Ng6 25. h3 Red8 26. Kh1 Ne8 27. Bh2 Nf8 28. Rc1 Qd7 29. Qd3 Ra8 30. Qf5 Ne6 31. Qd3 N8c7 1/2-1/2

[Event "Zagreb op-A"]
[Site "Zagreb"]
[Date "2008.05.15"]
[Round "4"]
[White "Kostrun, Slaven"]
[Black "Martic, Zlatko"]
[Result "1-0"]
[WhiteElo "2267"]
[BlackElo "2311"]
[PlyCount "90"]
[EventDate "2008.05.12"]
[EventType "swiss"]
[EventRounds "9"]
[EventCountry "CRO"]
[SourceTitle "CBM 124 Extra"]
[Source "ChessBase"]
[SourceDate "2008.07.03"]
[SourceVersion "1"]
[SourceVersionDate "2008.07.03"]
[SourceQuality "1"]

1. b3 Nf6 2. Bb2 e6 3. e3 b6 4. f4 Bb7 5. Nf3 Be7 6. Rg1 h5 7. Nc3 c5 8. Qe2 Nc6 9. 0-0-0 a6 10. g3 Qc7 11. Ng5 d5 12. Kb1 d4 13. Nce4 Nxe4 14. Nxe4 0-0-0 15. d3 f5 16. Nd2 Kb8 17. Bg2 Bf6 18. e4 Na7 19. exf5 exf5 20. Bxb7 Kxb7 21. Rde1 h4 22. Nc4 hxg3 23. hxg3 Nc6 24. Qf3 Qd7 25. g4 fxg4 26. Rxg4 Qd5 27. Qf1 Rh2 28. Qg1 Rh7 29. Nd2 Rdh8 30. Ne4 b5 31. Ba3 b4 32. Bc1 Rh2 33. Rg6 Kb6 34. Qg4 Rf8 35. Nd2 Rfh8 36. Nc4+ Kb5 37. a4+ bxa3 38. Nxa3+ Kb6 39. Nc4+ Kb5 40. Bd2 Rh1 41. Kb2 Rxe1 42. Bxe1 Ne7 43. Rxg7 Rh1 44. Rxe7 Bxe7 45. Qc8 Rh5 1-0

[Event "Zagreb op"]
[Site "Zagreb"]
[Date "2007.03.23"]
[Round "7"]
[White "Svrtan, Zlatko"]
[Black "Kostrun, Slaven"]
[Result "1-0"]
[WhiteElo "2072"]
[BlackElo "2234"]
[PlyCount "73"]
[EventDate "2007.03.17"]
[EventType "swiss"]
[EventRounds "9"]
[EventCountry "CRO"]
[SourceTitle "CBM 117 Extra"]
[Source "ChessBase"]
[SourceDate "2007.05.09"]
[SourceVersion "1"]
[SourceVersionDate "2007.05.09"]
[SourceQuality "1"]

1. e4 c5 2. Nf3 e6 3. d4 cxd4 4. Nxd4 Nf6 5. Bd3 Nc6 6. Be3 d5 7. Nxc6 bxc6 8. e5 Nd7 9. f4 Bc5 10. Bc1 Ba6 11. Qe2 Qh4+ 12. g3 Bxd3 13. cxd3 Qh3 14. Nd2 Bb4 15. a3 Bxd2+ 16. Bxd2 Rb8 17. b4 0-0 18. Qf1 Qf5 19. Qf3 c5 20. 0-0 Rfc8 21. Qe2 c4 22. dxc4 Rxc4 23. g4 Qg6 24. h3 Rc2 25. Rf2 f6 26. f5 exf5 27. Qd3 fxg4 28. Qxd5+ Kh8 29. Qxd7 gxh3+ 30. Kh2 Qe4 31. Re1 Qh4 32. Ref1 Qe4 33. Qd6 Rg8 34. exf6 gxf6 35. Qxf6+ Rg7 36. Bh6 Rxf2+ 37. Rxf2 1-0

[Event "Zagreb op"]
[Site "Zagreb"]
[Date "2007.03.21"]
[Round "5"]
[White "Pavlovic, Milos M"]
[Black "Kostrun, Slaven"]
[Result "1-0"]
[WhiteElo "2448"]
[BlackElo "2234"]
[PlyCount "74"]
[EventDate "2007.03.17"]
[EventType "swiss"]
[EventRounds "9"]
[EventCountry "CRO"]
[SourceTitle "CBM 117 Extra"]
[Source "ChessBase"]
[SourceDate "2007.05.09"]
[SourceVersion "1"]
[SourceVersionDate "2007.05.09"]
[SourceQuality "1"]

1. d4 e6 2. c4 b6 3. Nf3 Bb7 4. g3 f5 5. Bg2 Bb4+ 6. Nbd2 Nf6 7. 0-0 0-0 8. a3 Be7 9. b4 Ne4 10. Bb2 Nxd2 11. Qxd2 Bf6 12. Rfd1 d6 13. d5 Bxb2 14. Qxb2 e5 15. c5 bxc5 16. bxc5 Bc8 17. Qc3 Nd7 18. cxd6 cxd6 19. Rac1 Ba6 20. Bf1 Rc8 21. Qb4 Qf6 22. Rc6 Nc5 23. Qh4 Bb7 24. Qxf6 Rxf6 25. Rxc8+ Bxc8 26. Nxe5 dxe5 27. Rc1 Ra6 28. Rxc5 Bb7 29. e4 Rb6 30. exf5 Kf7 31. g4 Kf6 32. Kg2 Kg5 33. f3 Kh4 34. Bb5 a6 35. Bc6 Rb2+ 36. Kf1 Bc8 37. d6 Rd2 1-0

[Event "Zagreb op"]
[Site "Zagreb"]
[Date "2006.01.16"]
[Round "3"]
[White "Kostrun, Slaven"]
[Black "Loncar, Robert"]
[Result "0-1"]
[WhiteElo "2246"]
[BlackElo "2371"]
[PlyCount "88"]
[EventDate "2006.01.14"]
[EventType "swiss"]
[EventRounds "9"]
[EventCountry "CRO"]
[SourceTitle "CBM 110 Extra"]
[Source "ChessBase"]
[SourceDate "2006.03.10"]
[SourceVersion "2"]
[SourceVersionDate "2006.03.10"]
[SourceQuality "1"]

1. b4 d5 2. Bb2 Bf5 3. e3 e6 4. c4 Nf6 5. b5 Nbd7 6. cxd5 exd5 7. Nf3 Bd6 8. Be2 Qe7 9. 0-0 h6 10. Nc3 Bh7 11. a4 0-0 12. d4 a5 13. Qb3 Nb6 14. Nd2 c5 15. dxc5 Bxc5 16. Bf3 Rfd8 17. Ne2 Bb4 18. Rfd1 Rac8 19. Rac1 Rxc1 20. Nxc1 Rc8 21. Nd3 Bxd3 22. Qxd3 Nxa4 23. Bxf6 Qxf6 24. Qxd5 Nc3 25. Qxb7 Qd8 26. Ra1 Rb8 27. Qc6 Qxd2 28. b6 Qd6 29. Qxd6 Bxd6 30. Rxa5 Rxb6 31. g3 g6 32. h4 Rb2 33. Kg2 Kg7 34. Ra6 Bc5 35. Rc6 Bb4 36. Rc7 Nb5 37. Rb7 Be1 38. Kf1 Rxf2+ 39. Kxe1 Rxf3 40. Rxb5 Rxg3 41. Kf2 Rg4 42. h5 Rg5 43. Rxg5 hxg5 44. hxg6 Kxg6 0-1